Statistical inference (Record no. 20885)

MARC details
000 -LEADER
fixed length control field 00296nam a2200121Ia 4500
082 ## - DEWEY DECIMAL CLASSIFICATION NUMBER
Classification number 031
Item number WAL
100 ## - MAIN ENTRY--AUTHOR NAME
Personal name LEV, Joseph
245 #0 - TITLE STATEMENT
Title Statistical inference
260 ## - PUBLICATION, DISTRIBUTION, ETC. (IMPRINT)
Place of publication Calcutta
Name of publisher Oxford & IBH
Year of publication 1965
700 ## - ADDED ENTRY--PERSONAL NAME
Personal name WALKER, Helen M
942 ## - ADDED ENTRY ELEMENTS (KOHA)
Koha item type Books
Holdings
Withdrawn status Lost status Damaged status Not for loan Home library Current library Date acquired Full call number Accession Number Koha item type
        RRII Library RRII Library 16/12/2021 031 WAL 01607 Books